<?xml version="1.0" encoding="UTF-8"?>
<collection xmlns="http://www.loc.gov/MARC21/slim">
 <record>
  <leader>01762nam a2200205Ia 4500</leader>
  <controlfield tag="001">CTU_132419</controlfield>
  <controlfield tag="008">210402s9999    xx            000 0 und d</controlfield>
  <datafield tag="020" ind1=" " ind2=" ">
   <subfield code="c">70.73</subfield>
  </datafield>
  <datafield tag="082" ind1=" " ind2=" ">
   <subfield code="a">621.382</subfield>
  </datafield>
  <datafield tag="082" ind1=" " ind2=" ">
   <subfield code="b">B233</subfield>
  </datafield>
  <datafield tag="100" ind1=" " ind2=" ">
   <subfield code="a">Barbeau, Michel</subfield>
  </datafield>
  <datafield tag="245" ind1=" " ind2="0">
   <subfield code="a">Principles of AD HOC networking</subfield>
  </datafield>
  <datafield tag="245" ind1=" " ind2="0">
   <subfield code="c">Michel Barbeau, Evangelos Kranakis</subfield>
  </datafield>
  <datafield tag="260" ind1=" " ind2=" ">
   <subfield code="a">Chichester, England</subfield>
  </datafield>
  <datafield tag="260" ind1=" " ind2=" ">
   <subfield code="b">John Wiley &amp; Sons Ltd.</subfield>
  </datafield>
  <datafield tag="260" ind1=" " ind2=" ">
   <subfield code="c">2007</subfield>
  </datafield>
  <datafield tag="520" ind1=" " ind2=" ">
   <subfield code="a">Principles of Ad Hoc Networking presents a systematic introduction to the fundamentals of ad hoc networks. An ad-hoc network is a small network, especially one with wireless or temporary plug-in connections. Typically, some of the network devices are part of the network only for the duration of a communications session or, in the case of mobile or portable devices, while in some close proximity to the rest of the network. These networks can range from small and static systems with constrained power resources to larger-scale dynamic and mobile environments. Wireless ad hoc networks facilitate numerous and diverse applications for establishing survivable dynamic systems in emergency and rescue operations, disaster relief and intelligent home settings. Principles of Ad Hoc Networking A? Introduces the essential characteristics of ad hoc networks such as: physical layer, medium access control, Bluetooth discovery and network formation, wireless network programming and protocols.A? Explains the crucial components involved in ad-hoc networks in detail with numerous exercises to aid understanding.A? Offers key results and merges practical methodologies with mathematical considerations.</subfield>
  </datafield>
  <datafield tag="650" ind1=" " ind2=" ">
   <subfield code="a">Wireless communication systems</subfield>
  </datafield>
  <datafield tag="904" ind1=" " ind2=" ">
   <subfield code="i">Giang</subfield>
  </datafield>
  <datafield tag="980" ind1=" " ind2=" ">
   <subfield code="a">Trung tâm Học liệu Trường Đại học Cần Thơ</subfield>
  </datafield>
 </record>
</collection>
